Strength Of Materials(Mechanics of Solids)
| Main Author: | |
|---|---|
| Format: | Book |
| Published: |
India :
S. Chand & Company Ltd. ,
2006
|
| Subjects: |
MARC
| LEADER | 00000cam a2200000 7i4500 | ||
|---|---|---|---|
| 001 | 0000044962 | ||
| 005 | 20151221.0 | ||
| 008 | 150127 | ||
| 020 | |a 8121925940 | ||
| 020 | |a 9788121925945 | ||
| 090 | 0 | 0 | |a 620.112 |b RAJ |
| 100 | 1 | |a Rajput,R.K. | |
| 245 | 1 | 0 | |a Strength Of Materials(Mechanics of Solids) |c R.K.Rajput |
| 260 | |a India : |b S. Chand & Company Ltd. , |c 2006 | ||
| 500 | |a Includes Index (1420-1424pg.) | ||
| 650 | 0 | |a Material | |
| 999 | |a 0001392933 |b Book |c Adult Collection |e Cawangan Tmn. Ungku Tun Aminah | ||
| 999 | |a 0001517905 |b Book |c Adult Collection |e Cawangan Segamat | ||